00361nam a2200109Ia 4500008004100000082002100041100001900062245006700081260002600148630001800174650005900192211109s9999||||xx |||||||||||||| ||und|| a491.28242bSAR-P aSarma, P R D,  0aPractical Sanskrit Grammar For The Use Of Schools And Colleges bA PressaMadrasc1945 xGeneral Stack aSanskrit languagevGrammarSanskrit languagexLanguages